000 01795nam a2200517 i 4500
001 45999
003 KOSZ 005
005 20240405063151.0
008 050511s2004 pl a |000 0 pol
015 _aUWD 2005/8746
020 _a8323117527
035 _a991026773419705066
035 _a(PL-WaBN)b17270509-48omnis_nlop
035 _ab17270509
035 _a(OCoLC)749572984
035 _azz2004873325
035 _a(PL)b0000001727050
035 _a(EXLNZ-48OMNIS_NETWORK)9910340922805606
040 _aWA N
_cWA N
_dKOSZ 005/HR
041 0 _apol
046 _k2004
080 _a330.35(438)"1989/..."
080 _a(082.1)
245 0 0 _aCzynniki wzrostu gospodarczego :
_bpraca zbiorowa /
_cpod red. Mirosława Haffera, Włodzimierza Karaszewskiego ; Uniwersytet Mikołaja Kopernika. Wydział Nauk Ekonomicznych i Zarządzania.
260 _aToruń :
_bWydaw. UMK,
_c2004.
300 _a407, [1] s. :
_bportr. kolor., rys., wykr. ;
_c24 cm.
336 _aTekst
_btxt
_2rdacontent
337 _aBez urządzenia pośredniczącego
_bn
_2rdamedia
338 _aWolumin
_bnc
_2rdacarrier
380 _aKsiążki
388 _a2001-
504 _aBibliogr. przy pracach.
600 1 7 _aTomala, Jerzy
_d(1926-2017)
_2DBN
648 7 _a1901-2000
648 7 _a1989-2000
648 _a2001-
650 7 _aWzrost gospodarczy
_2DBN
651 7 _aPolska
655 7 _aKsięga pamiątkowa
_2DBN
658 _aGospodarka, ekonomia, finanse
700 1 _aHaffer, Mirosław
_d(1948- )
_eRedakcja
700 1 _aKaraszewski, Włodzimierz
_d(1949- )
_eRedakcja
856 _uhttp://koha.tu.koszalin.pl/cgi-bin/koha/opac-detail.pl?biblionumber=45999
_yKatalog online BPK
942 _2UKD
_cKS
999 _c45999
_d45999